Financial instability as a result of speculative financing?

Finančná stabilita - definovanie. Definícia finančnej stability v súvislosti s centrálnymi bankami. Špekulatívne financovanie. Špekulácia ako pozitívny faktor. Finančná nestabilita ako výsledok špekulatívneho financovania?

Salvato in:
Dettagli Bibliografici
Autore principale: Drutarovská, Jana, 1989-
Natura: Capitolo di libro
Lingua:inglese
Soggetti:
Tags: Aggiungi Tag
Nessun Tag, puoi essere il primo ad aggiungerne!!

MARC

LEADER 00000nla a2200000 4500
001 0184020
005 20240502083433.5
041 0 |a eng 
044 |a CZ 
245 1 0 |a Financial instability as a result of speculative financing?  |c Jana Drutarovská 
520 |a Finančná stabilita - definovanie. Definícia finančnej stability v súvislosti s centrálnymi bankami. Špekulatívne financovanie. Špekulácia ako pozitívny faktor. Finančná nestabilita ako výsledok špekulatívneho financovania? 
610 2 0 |a stabilita finančná 
610 2 0 |a definície 
610 2 0 |a banky 
610 2 0 |a financovanie 
610 2 0 |a špekulácie 
100 1 |a Drutarovská, Jana, 1989-